[Event "Olympiad Women 2024"]
[Site "Budapest HUN"]
[Date "2024.09.16"]
[Round "6.40"]
[Board "3"]
[White "Boshra, Alshaeby"]
[Black "Berezovska, Svetlana"]
[Result "1/2-1/2"]
[WhiteElo "1939"]
[BlackElo "1869"]
[PlyCount "47"]
[EventDate "2024.09.11"]
[WhiteTeam "Jordan"]
[BlackTeam "Monaco"]
[WhiteTeamCountry "JOR"]
[BlackTeamCountry "MNC"]

1. e4 c5 2. Nf3 a6 3. c4 Nc6 4. d4 cxd4 5. Nxd4 e5 6. Nf5 d5 7. cxd5 Bxf5 8. exf5 Nd4 9. Bd3 Nf6 10. O-O Bd6 11. Bg5 O-O 12. Nc3 Be7 13. Bxf6 $146 ({RR} 13. Re1 Nd7 14. Bxe7 Qxe7 15. Bxa6 Qb4 16. Bd3 Qxb2 17. Qc1 Qxc1 18. Rexc1 Nc5 19. Bc2 b5 20. Kf1 b4 21. Ne2 Ra3 22. Nxd4 exd4 23. Bb3 Nxb3 24. axb3 Rxb3 25. Rab1 Rxb1 26. Rxb1 Rb8 27. Rb3 Kf8 {½-½ Kasik,M (1958)-Tovarek,A (2010) CZE-chT2E 1718 2017 (10.7)}) 13... Bxf6 14. Qg4 b5 15. Rad1 Rc8 16. Ne4 Kh8 17. d6 Qd7 18. f4 Nc2 19. Rf3 Qa7+ 20. Kh1 Ne3 21. Qh5 Nxd1 22. Qxh7+ Kxh7 23. Nxf6+ gxf6 24. Rh3+ 1/2-1/2

[Event "Olympiad Women 2024"]
[Site "Budapest HUN"]
[Date "2024.09.16"]
[Round "6.40"]
[Board "4"]
[White "Dubois, Martine"]
[Black "Ruba Al-Qudah"]
[Result "1-0"]
[WhiteElo "1816"]
[BlackElo "1937"]
[PlyCount "75"]
[EventDate "2024.09.11"]
[WhiteTeam "Monaco"]
[BlackTeam "Jordan"]
[WhiteTeamCountry "MNC"]
[BlackTeamCountry "JOR"]

1. e4 c5 2. c3 Nf6 3. e5 Nd5 4. d4 cxd4 5. cxd4 Nc6 6. Nf3 d6 7. Bc4 Nb6 8. Bb3 dxe5 9. d5 Na5 10. Nc3 Nxb3 11. Qxb3 f6 12. Be3 g6 13. O-O Kf7 ({RR} 13... Bg7 14. Bc5 Bd7 15. Rfd1 Rc8 16. Qb4 Kf7 17. a4 Qc7 18. Bxe7 Qc4 19. Ne4 Qxb4 20. Bxb4 Bf8 21. Bxf8 Kxf8 22. a5 Nc4 23. b3 Bf5 24. Nxf6 Ke7 25. bxc4 Kxf6 26. Rdc1 Rc5 27. Nd2 Rhc8 28. f3 {½-½ Werner,C (2204)-Bowmer,K (2099) TCh-EUR Senior +65 2024 (5.2)}) 14. Rfd1 Bg4 $146 ({RR} 14... Bd7 15. a4 Rc8 16. a5 Nc4 17. Bxa7 Nxa5 18. Qb4 Nc4 19. Qxb7 Qc7 20. Qb3 Na5 21. Qb4 Qxa7 22. Rxa5 Qb8 23. Qa3 Bg7 24. Ra7 Rhd8 25. h3 Qb6 26. g4 Rb8 27. Rd2 Qb4 28. Qa6 Rb6 29. Qe2 {0-1 Ulusoy,T (2023)-Liepold,S (2137) Forchheim op-A 13th 2014 (4)}) 15. Ne4 Kg7 16. Nc5 Qe8 17. a4 Nc8 18. h3 Bxf3 19. gxf3 Rb8 20. Na6 bxa6 21. Qxb8 Kf7 22. Rac1 Bg7 23. Qb3 Nd6 24. Rc7 Qb8 25. Qxb8 Rxb8 26. Bc5 Nf5 27. d6 Rd8 28. Rxa7 Ke6 29. d7 Nd6 30. Rxa6 Rxd7 31. b4 Bf8 32. b5 Rc7 33. Be3 Kd7 34. b6 Rb7 35. Ra7 Kc8 36. Ra8+ Rb8 37. Rc1+ Kb7 38. Ra7# 1-0

[Event "Olympiad Women 2024"]
[Site "Budapest HUN"]
[Date "2024.09.16"]
[Round "6.41"]
[Board "1"]
[White "Gabatshwarwe Refilwe"]
[Black "Arakhamia-Grant, Ketevan"]
[Result "0-1"]
[WhiteElo "1787"]
[BlackElo "2263"]
[PlyCount "182"]
[EventDate "2024.09.11"]
[WhiteTeam "Botswana"]
[BlackTeam "Scotland"]
[WhiteTeamCountry "BOT"]
[BlackTeamCountry "SCO"]

1. d4 Nf6 2. c4 g6 3. Nc3 Bg7 4. e4 d6 5. Be2 O-O 6. Be3 Na6 7. h3 c5 8. e5 ({RR} 8. d5 Qa5 9. Qd2 Nc7 10. Nf3 a6 11. O-O b5 12. a3 bxc4 13. Bxc4 Nd7 14. Bh6 Bxh6 15. Qxh6 f6 16. Qd2 Rb8 17. Rfb1 Ne5 18. Nxe5 fxe5 19. h4 Bd7 20. Qg5 Rbe8 21. h5 Kg7 22. Rd1 Rf6 {0-1 Vrashank,C (2199)-Young,A (2165) Quang Ninh IMA 2024 (5.5)}) 8... Nd7 9. exd6 exd6 10. Nf3 Nc7 $146 ({RR} 10... Nf6 11. O-O Bf5 12. Bd3 Qc8 13. Qd2 Re8 14. d5 Bxh3 15. gxh3 Qxh3 16. Nh2 Ng4 17. Bf4 Nxh2 18. Bxh2 Re5 19. Be4 Rh5 20. Bg3 Bd4 21. Qf4 Be5 22. Qf3 Rg5 23. Qg2 Qh6 24. Qh2 Rh5 25. Qg2 {1-0 Lapertosa Viana,J (2142)-Batista,G (2201) Mineiro-ch Varginha 2009 (10)}) 11. O-O Re8 12. Qd2 a6 13. Rfd1 Ne6 14. a4 b6 15. Ra3 Qe7 16. Nd5 Qf8 17. Bf1 Bb7 18. a5 bxa5 19. Qxa5 Rab8 20. b3 Rec8 21. Qd2 Rd8 22. Be2 Re8 23. Bf1 h6 24. Rb1 Kh7 25. Ra2 Qh8 26. dxc5 Ndxc5 27. Rc2 Ne4 28. Qc1 a5 29. Qa3 Ra8 30. Bb6 Nc3 31. Nxc3 Bxc3 32. Qxd6 Bb4 33. Qd7 Re7 34. Qd1 Qf6 35. Be3 Rd8 36. Qc1 Be4 37. Ra2 Bxb1 38. Qxb1 Red7 39. Be2 Nf4 40. Bxf4 Qxf4 41. g3 Qf6 42. Kg2 Kg7 43. Rc2 Bc5 44. Ra2 Bb4 45. Rc2 Rc7 46. h4 Rc5 47. Qb2 Qxb2 48. Rxb2 Kf6 49. Rb1 Rc7 50. Rc1 Re7 51. Bf1 Bc5 52. Ra1 Ra7 53. Be2 Ke6 54. Ra2 Bb4 55. Ra1 f6 56. g4 Rc7 57. Kg3 Kf7 58. g5 Re7 59. Bf1 hxg5 60. hxg5 f5 61. c5 Re4 62. Nh2 Bxc5 63. Bc4+ Kg7 64. Rxa5 Bd6+ 65. Kg2 Re7 66. Rd5 Bc7 67. Rxd8 Bxd8 68. Nf1 Re4 69. Nd2 Rg4+ 70. Kf1 Bxg5 71. Nf3 Bf6 72. Ke2 Re4+ 73. Kf1 g5 74. Nd2 Rd4 75. Nf3 Rd6 76. Ne1 Bc3 77. Nf3 Kf6 78. Ng1 Rd1+ 79. Kg2 Rb1 80. Ne2 Be5 81. Ng3 Rb2 82. Nh5+ Kg6 83. Ng3 Bd6 84. Be6 Kf6 85. Bc4 Bc5 86. Ne2 g4 87. f3 Kg5 88. fxg4 Kxg4 89. Kf1 f4 90. Ke1 f3 91. Nc1 Be3 0-1

[Event "Olympiad Women 2024"]
[Site "Budapest HUN"]
[Date "2024.09.16"]
[Round "6.41"]
[Board "2"]
[White "Roy, Ali"]
[Black "Banda Natalie Katlo"]
[Result "1/2-1/2"]
[WhiteElo "1961"]
[BlackElo "1893"]
[PlyCount "101"]
[EventDate "2024.09.11"]
[WhiteTeam "Scotland"]
[BlackTeam "Botswana"]
[WhiteTeamCountry "SCO"]
[BlackTeamCountry "BOT"]

1. Nf3 d5 2. g3 Nf6 3. Bg2 Bg4 4. O-O e6 5. d3 c6 6. Nbd2 Nbd7 7. c4 Bd6 8. b3 O-O 9. Bb2 e5 10. h3 Be6 $146 ({RR} 10... Bxf3 11. Nxf3 Qe7 12. Nh4 g6 13. e4 dxe4 14. dxe4 Ba3 15. Qc1 Bxb2 16. Qxb2 a5 17. Rae1 Nc5 18. Qc3 Rfd8 19. Re3 Nfd7 20. Nf3 Ne6 21. Nxe5 Nxe5 22. Qxe5 Rd4 23. Rf3 a4 24. h4 a3 25. Bh3 {1-0 Nemet,I-Antunac,G Zagreb PTT 60th anniversary 1964 (5)}) ({RR} 10... Bh5 11. Nh4 Re8 12. Ndf3 Bg6 13. Nxg6 hxg6 14. a3 Qe7 15. Nd2 Rad8 16. cxd5 cxd5 17. b4 e4 18. dxe4 dxe4 19. Nc4 Ne5 20. Nxd6 Rxd6 21. Qb3 b5 22. Rad1 Nc4 23. Rxd6 Qxd6 24. Rd1 Qe6 25. e3 {½-½ Kortschnoj,V (2695)-Van der Wiel,J (2465) Hoogovens Wijk aan Zee 1980 (3)}) ({RR} 10... Bh5 11. g4 Bg6 12. Nh4 Re8 13. Nxg6 hxg6 14. e3 Qe7 15. Qc2 Nb6 16. a3 a5 17. Nf3 e4 18. dxe4 Nxe4 19. Bd4 Bc5 20. Rfd1 dxc4 21. bxc4 Rad8 22. Rab1 Qc7 23. Be5 Rxd1+ 24. Rxd1 Rxe5 25. Nxe5 {0-1 Petriashvili,N (2475)-Dvirnyy,D (2480) Titled Tue 30th Apr Early 2024 (3)}) 11. Rc1 h6 12. Nb1 Re8 13. cxd5 Bxd5 14. Nc3 Qb6 15. Nxd5 cxd5 16. Qd2 Nh5 17. Kh2 e4 18. dxe4 dxe4 19. Bd4 e3 20. Qc3 Qa6 21. Bxe3 Qxe2 22. Rfe1 Qa6 23. Bf1 Qa3 24. Nd2 Bb4 25. Qd4 Ne5 26. Qe4 Bxd2 27. Bxd2 Qxa2 28. Be3 Nc6 29. Qf3 Nf6 30. Bc4 Ne5 31. Qxb7 Rab8 32. Qg2 Nxc4 33. bxc4 Rb2 34. Ra1 Qxc4 35. Rxa7 Qc3 36. Raa1 Qb3 37. Qf3 Qb7 38. Qxb7 Rxb7 39. Kg2 Nd5 40. Bd4 Rxe1 41. Rxe1 f6 42. Kf3 Kf7 43. h4 Ne7 44. Bc5 Nc6 45. Ke4 Rd7 46. Rc1 Nd8 47. Bb6 Re7+ 48. Kd5 Rd7+ 49. Ke4 Re7+ 50. Kd5 Rd7+ 51. Ke4 1/2-1/2

[Event "Olympiad Women 2024"]
[Site "Budapest HUN"]
[Date "2024.09.16"]
[Round "6.41"]
[Board "3"]
[White "Mosweu, Atlang Amolemo"]
[Black "Giulian, Rosemary A"]
[Result "0-1"]
[WhiteElo "1797"]
[BlackElo "1922"]
[PlyCount "114"]
[EventDate "2024.09.11"]
[WhiteTeam "Botswana"]
[BlackTeam "Scotland"]
[WhiteTeamCountry "BOT"]
[BlackTeamCountry "SCO"]

1. d4 {Marin,Mihail} e6 2. c4 Nf6 3. Nc3 Bb4 4. Bd2 ({RR} 4. e3 O-O 5. Bd3 d5 6. Nf3 b6 7. O-O Bb7 8. cxd5 exd5 9. Ne5 Bd6 10. f4 c5 11. Qf3 Nc6) 4... O-O 5. Nf3 a5 6. e3 b6 7. Bd3 Bb7 8. O-O d5 ({RR} 8... d6) 9. cxd5 exd5 10. Rc1 ({RR} 10. Ne5 Nbd7 11. f4 c5 ({RR} 11... Bxc3 12. Bxc3 Ba6 13. Bxa6 Rxa6 14. Qd3 Ra8 15. Nc6 Qe8 16. b4 Ne4 17. Rfc1 Nb8 18. Nxb8 Qxb8 19. bxa5 bxa5 20. Rab1 Qc8 21. Be1) 12. a3 Bxc3 13. Bxc3 c4 14. Bc2 b5 15. Rf3 Ra6 16. Rg3 ({RR} 16. Qe1 Ne4 17. Bxa5) 16... Qe7 17. Qe1 Rfa8 18. Rd1 Nb6 19. Ng4 ({RR} 19. Kh1 Na4 ({RR} 19... Ne4 20. Bxe4 dxe4 21. d5 Nxd5 22. Rxg7+) 20. Bxa4 bxa4 21. f5 Ne4) 19... Nxg4 ({RR} 19... Ne4 20. Nh6+ Kh8 21. Rxg7) 20. Rxg4 Nd7 21. e4 ({RR} 21. Qg3 g6 22. f5 b4) 21... dxe4 ({RR} 21... Nf6 22. Rg5 ({RR} 22. Qh4 Qd7 23. Rg3 Nxe4 24. Bxe4 dxe4 25. d5 Rg6) 22... Nxe4 23. Bxe4 dxe4 24. Rxb5 ({RR} 24. d5 f6 25. Rh5 Rd6 26. Qh4 h6) 24... Qd7 25. Rxa5 ({RR} 25. Re5 Bd5) 25... Rxa5 26. Bxa5 e3) 22. d5 ({RR} 22. Rg5) 22... f6 23. Bxe4 Re8 24. Qg3 Nc5 {½-½ L'Ami,E (2628)-Anand,V (2810) Tata Steel-A 73rd 2011 (3)}) ({RR} 10. a3 Bd6 ({RR} 10... Bxc3 11. Bxc3 Ne4 12. Qc2) 11. Ne5 c5 12. f4 Nc6 13. Nb5 ({RR} 13. Qf3 cxd4 14. Nxc6 Bxc6 15. exd4 Re8 16. Rae1 Qd7) 13... cxd4 ({RR} 13... Be7) 14. exd4 Ne7 15. f5 Ne4 16. Bxe4 dxe4 17. f6) ({RR} 10. Ne5 Nbd7 11. f4 Bxc3 12. bxc3 Ne4 13. Rf3 f6 14. Bxe4 fxe5 15. Bc2 exf4 16. exf4 Nf6 17. f5 Qd7 18. Bf4 Ne4 19. g4 Rae8 20. Be5 g6 21. fxg6 hxg6 22. Bxe4 Qxg4+ 23. Rg3 Qxe4 24. Qh5 Qe3+ {½-½ Solomon,A (2242)-Uritsky,Y (2097) TCh-ISR 2024 (3.6)}) 10... Ne4 $146 ({RR} 10... Nbd7 11. a3 Bxc3 12. Bxc3 Ne4 13. Qc2 g6 14. b4 Nxc3 15. Qxc3 c6 16. e4 axb4 17. axb4 Nf6 18. e5 Nd7 19. Rfe1 Re8 20. Qd2 Kg7 21. Qf4 Nf8 22. Ng5 Qe7 23. b5 Rac8 24. bxc6 Bxc6 25. Rb1 {0-1 Petraki,M (2035)-Jackson,S (2205) Olympiad Women-29 1990 (11)}) ({RR} 10... Nbd7 11. a3 Be7 12. Qc2 c5 13. dxc5 bxc5 14. Ne2 Ne4 15. Bc3 Ndf6 16. Rfd1 Qb6 17. Bxf6 Nxf6 18. Ng3 Rfd8 19. Be2 g6 20. Ne5 Rab8 21. Rd2 Ba8 22. Bf3 Bd6 23. Nd3 c4 24. Nf4 Be5 25. Nge2 {0-1 Lintchevski,D (2555)-Potkin,V (2665) Moscow MGSU Rector Cup rapid 2012 (8)}) 11. a3 Be7 12. Ne2 g6 13. Bc3 Nxc3 14. Rxc3 Nd7 15. Qd2 Nf6 16. Ng3 Ne4 17. Bxe4 dxe4 18. Ne5 c5 19. Rc2 f6 20. Nc4 b5 21. Qc3 bxc4 22. dxc5 Qd3 23. Rfc1 Qxc3 24. Rxc3 f5 25. Rxc4 Ba6 26. R4c2 Bd3 27. Rd2 Rfc8 28. b4 axb4 29. axb4 Rab8 30. Ne2 Bxe2 31. Rxe2 Rxb4 32. Rec2 Rxc5 33. Rxc5 Bxc5 34. g3 Rb5 35. Kg2 Bb6 36. Rc2 Rc5 37. Rd2 Rc3 38. Rb2 Rc6 39. Kf1 Rd6 40. Kg2 Kf7 41. Rc2 Rd3 42. Rb2 Bxe3 43. fxe3 Rxe3 44. Rb7+ Kg8 45. Rb2 Rd3 46. Kf1 Rd7 47. Ke2 Kg7 48. Kf2 Kf6 49. Ke2 Kg5 50. Kf2 Rd6 51. Kg2 Re6 52. Rf2 Kf6 53. Rc2 g5 54. Rf2 Ke5 55. Rb2 f4 56. Rb5+ Kf6 57. gxf4 gxf4 0-1

[Event "Olympiad Women 2024"]
[Site "Budapest HUN"]
[Date "2024.09.16"]
[Round "6.41"]
[Board "4"]
[White "Bhatia, Kanishka"]
[Black "Rebatenne, Boitshepo"]
[Result "1-0"]
[WhiteElo "1908"]
[BlackElo "1696"]
[PlyCount "157"]
[EventDate "2024.09.11"]
[WhiteTeam "Scotland"]
[BlackTeam "Botswana"]
[WhiteTeamCountry "SCO"]
[BlackTeamCountry "BOT"]

1. d4 d5 2. c4 c6 3. cxd5 cxd5 4. Nc3 Nf6 5. Nf3 Bf5 6. Bg5 e6 7. e3 Be7 8. Bb5+ Nbd7 9. Ne5 O-O 10. Nxd7 Nxd7 11. Bxe7 Qxe7 12. Bd3 Bxd3 $146 ({RR} 12... Qg5 13. Bxf5 Qxf5 14. O-O Rac8 15. Rc1 a6 16. Na4 Qf6 17. Nc5 Nxc5 18. Rxc5 Rxc5 19. dxc5 Qxb2 20. Qb1 Qxb1 21. Rxb1 Rc8 22. Rxb7 g6 23. g3 Rxc5 24. Rb4 Kg7 25. Kg2 a5 26. Rb7 Rc2 {0-1 Grosse Honebrink,B (1785)-Tauchert,N (2018) Berlin Kreuzberg op 3th 2002 (6)}) 13. Qxd3 a6 14. O-O Rac8 15. Rfe1 Nf6 16. a3 Qd7 17. Rad1 Rc7 18. f3 Rfc8 19. e4 dxe4 20. fxe4 Rd8 21. Rf1 b5 22. Qg3 Ne8 23. d5 Qe7 24. dxe6 fxe6 25. Rxd8 Qxd8 26. Qe5 Qd6 27. Qg5 Qc5+ 28. Qxc5 Rxc5 29. Rd1 Rc7 30. Kf2 Kf7 31. Ke3 Ke7 32. e5 Rc5 33. Kd4 Rc4+ 34. Ke3 Rc5 35. Ke4 Rc4+ 36. Rd4 Rc6 37. h3 Nc7 38. Kd3 Na8 39. Ne4 Nc7 40. Nc3 Rc5 41. Rg4 Kf7 42. Rf4+ Ke7 43. Re4 Na8 44. a4 Nc7 45. b4 Rc6 46. axb5 axb5 47. Re2 Ra6 48. Ra2 Rxa2 49. Nxa2 Kd7 50. Kd4 Kc6 51. Nc1 Nd5 52. Nd3 g5 53. g3 h5 54. h4 gxh4 55. gxh4 Ne7 56. Nc5 Nf5+ 57. Ke4 Ng7 58. Nb3 Nf5 59. Nd4+ Nxd4 60. Kxd4 Kb6 61. Ke3 Kc7 62. Kf4 Kc6 63. Kg5 Kd5 64. Kf6 Kc4 65. Kxe6 Kxb4 66. Kd6 Kc3 67. e6 b4 68. e7 b3 69. e8=Q b2 70. Qc8+ Kd2 71. Qb7 Kc2 72. Ke5 b1=Q 73. Qxb1+ Kxb1 74. Kf5 Kc2 75. Kg5 Kd3 76. Kxh5 Ke4 77. Kg5 Ke5 78. h5 Ke6 79. Kg6 1-0

[Event "Olympiad Women 2024"]
[Site "Budapest HUN"]
[Date "2024.09.16"]
[Round "6.42"]
[Board "1"]
[White "Noshin, Anjum"]
[Black "Quevedo, Andreina"]
[Result "1/2-1/2"]
[WhiteElo "2085"]
[BlackElo "1851"]
[PlyCount "60"]
[EventDate "2024.09.11"]
[WhiteTeam "Bangladesh"]
[BlackTeam "Uruguay"]
[WhiteTeamCountry "BAN"]
[BlackTeamCountry "URU"]

1. e4 e5 2. Nf3 Nc6 3. Bb5 a6 4. Ba4 Nf6 5. d3 d6 6. c3 g6 7. O-O Bg7 8. Re1 O-O 9. Nbd2 b5 10. Bb3 Na5 11. Bc2 c5 12. Nf1 Qc7 ({RR} 12... h6 13. Bd2 Nc6 14. a4 Be6 15. Ne3 Qd7 16. Bb3 Rfb8 17. Bxe6 Qxe6 18. h3 c4 19. Qe2 Na5 20. axb5 axb5 21. Rad1 Rc8 22. Bc1 Rab8 23. dxc4 bxc4 24. Nd5 Nd7 25. Nb4 Nc6 26. Nd5 Ne7 27. Nxe7+ {0-1 Areshchenko,A (2694)-Efimenko,Z (2701) UKR-ch 80th Kiev 2011 (8)}) ({RR} 12... h6 13. Ng3 Nc6 14. h3 Be6 15. Be3 Rc8 16. Qd2 Kh7 17. d4 cxd4 18. cxd4 d5 19. Nxe5 Nxe5 20. dxe5 Nxe4 21. Nxe4 dxe4 22. Bxe4 Bxe5 23. a4 Qxd2 24. Bxd2 Bd4 25. axb5 axb5 26. Ra5 Rfd8 27. Be3 {½-½ Tobares,L (2155)-Dolezal,C (2383) Buenos Aires Masters 2024 (4.5)}) 13. Ng3 Bb7 14. Nh4 $146 ({RR} 14. Bg5 d5 15. Qc1 d4 16. Bh6 Ne8 17. Nh4 f6 18. cxd4 cxd4 19. b4 Rc8 20. Re2 Nc6 21. Bb3+ Kh8 22. Rc2 Nd6 23. Be6 Rce8 24. Bd5 Rc8 25. Qd2 Qd7 26. Rac1 Ne7 27. Bb3 Rxc2 28. Rxc2 Rc8 {1-0 Aravindh,C (2641)-Goltseva,E (2306) Russia U16-Gurukul 2 U16 blitz 2020}) ({RR} 14. Bd2 h6 15. Nh4 Bc8 16. h3 Be6 17. Qc1 Kh7 18. Rf1 Qe7 19. f4 exf4 20. Bxf4 Nc6 21. Nf3 Nd7 22. Qd2 Nde5 23. Rae1 b4 24. Nh2 Bxa2 25. Kh1 Be6 26. Qd1 Bd7 27. d4 cxd4 28. cxd4 Nc4 {0-1 Frank Nielsen,M (1980)-Nielsen,V (2247) Taastrup Quick Weekend 28th A 2018 (2)}) 14... d5 15. Qf3 dxe4 16. dxe4 Nc4 17. b3 Nd6 18. Qe2 Nd7 19. Rd1 Rfd8 20. Bg5 f6 21. Be3 c4 22. b4 a5 23. a3 Nf8 24. f3 Ne6 25. Qf2 Nc8 26. Rxd8+ Qxd8 27. Rd1 Qe7 28. Qd2 Bc6 29. Ne2 axb4 30. axb4 Kf7 1/2-1/2

[Event "Olympiad Women 2024"]
[Site "Budapest HUN"]
[Date "2024.09.16"]
[Round "6.42"]
[Board "2"]
[White "Fabra, Nahiara"]
[Black "Ahmed, Walijah"]
[Result "0-1"]
[WhiteElo "1932"]
[BlackElo "1936"]
[PlyCount "100"]
[EventDate "2024.09.11"]
[WhiteTeam "Uruguay"]
[BlackTeam "Bangladesh"]
[WhiteTeamCountry "URU"]
[BlackTeamCountry "BAN"]

1. e4 c5 2. Nf3 e6 3. d4 cxd4 4. c3 dxc3 5. Nxc3 Nc6 6. Bc4 a6 7. O-O Nge7 8. Bg5 h6 9. Bh4 g5 10. Bg3 Ng6 11. Nd5 d6 12. Ne3 ({RR} 12. Nc3 h5 13. h3 g4 14. Nd4 Nce5 15. Be2 Qg5 16. Qc1 Bh6 17. Qxg5 Bxg5 18. Na4 h4 19. Bh2 g3 20. Nb6 Rb8 21. Rad1 gxh2+ 22. Kxh2 Bd7 23. Rfe1 Rg8 24. Bf1 Bc6 25. a4 a5 26. b3 Bf6 {0-1 Rosen,E (2361)-Bazilius,A (2030) Titled Tue 2nd Jan Late 2024 (11)}) 12... Be7 13. Re1 $146 ({RR} 13. Nd4 Nce5 14. Bb3 h5 15. Qe2 Bd7 16. Rfd1 Rc8 17. Rac1 Rxc1 18. Rxc1 h4 19. Bxe5 dxe5 20. Nf3 O-O 21. Ng4 Qa5 22. g3 hxg3 23. hxg3 Kg7 24. Qe3 f6 25. Kg2 Rh8 26. Rh1 Rxh1 27. Kxh1 Qc5 {0-1 Farrington,E (2024)-Lazarev,V (2361) Lille Luce op 6th 2015 (3)}) ({RR} 13. Qe2 b5 14. Bb3 Qb6 15. a4 Bb7 16. axb5 axb5 17. Rad1 Nge5 18. Bxe5 dxe5 19. Ng4 h5 20. Ngxe5 g4 21. Nxf7 Kxf7 22. e5 Na5 23. Bxe6+ Qxe6 24. Nd4 Qg6 25. f3 g3 26. e6+ Kg7 27. hxg3 Kh7 {1-0 Szava,M (2102)-Kovacs,A (2098) HUN-chT2 Barcza 1516 2015 (8.4)}) 13... Kf8 14. h3 h5 15. a3 b5 16. Bb3 Bb7 17. Qd2 Nge5 18. Nxe5 dxe5 19. Qc3 Qd4 20. Rad1 Qxc3 21. bxc3 Rd8 22. Rxd8+ Bxd8 23. a4 Ke7 24. axb5 axb5 25. c4 b4 26. Ba4 f6 27. f3 Bb6 28. Bf2 Nd4 29. Nc2 Nxc2 30. Bxc2 Bxf2+ 31. Kxf2 Ra8 32. Bb3 Ra3 33. Rb1 Ba6 34. Kg3 Kd6 35. c5+ Kxc5 36. Rc1+ Kd6 37. Rd1+ Ke7 38. Rb1 Bd3 39. Rb2 Kd6 40. Bxe6 Kxe6 41. Rxb4 Ra2 42. Rb6+ Kf7 43. h4 Bf1 44. hxg5 Rxg2+ 45. Kh4 Rxg5 46. Rb7+ Kg6 47. Rb8 Be2 48. Rb3 Bxf3 49. Rxf3 Rg4+ 50. Kh3 Rxe4 0-1

[Event "Olympiad Women 2024"]
[Site "Budapest HUN"]
[Date "2024.09.16"]
[Round "6.42"]
[Board "3"]
[White "Wadifa, Ahmed"]
[Black "Cardozo, Camila"]
[Result "1-0"]
[WhiteElo "1988"]
[BlackElo "1673"]
[PlyCount "111"]
[EventDate "2024.09.11"]
[WhiteTeam "Bangladesh"]
[BlackTeam "Uruguay"]
[WhiteTeamCountry "BAN"]
[BlackTeamCountry "URU"]

1. e4 e6 2. d4 d5 3. Nd2 Be7 4. Bd3 c5 5. c3 cxd4 6. cxd4 dxe4 7. Nxe4 Nf6 8. Nf3 O-O 9. O-O Nxe4 10. Bxe4 Nd7 11. Bf4 Nf6 12. Bc2 b6 13. Qe2 $146 ({RR} 13. Re1 Bb7 14. Be5 Rc8 15. Qd3 g6 16. Rac1 Nd5 17. a3 Bf6 18. Qd2 Bg7 19. h4 Nf6 20. Nh2 h5 21. Qf4 Nd5 22. Qg3 Ne7 23. Qf4 Nd5 24. Qg3 Ne7 {½-½ Lopez Moll,J (1991)-Dierssen Garcia Barredo,G (1862) Madrid Oliver Gonzalez Memorial-A 3rd 2012 (7)}) 13... Bb7 14. Rad1 Rc8 15. Bb1 Qd5 16. Rfe1 Bb4 17. Rf1 Rfd8 18. a3 Be7 19. Rfe1 Qb3 20. Ne5 Qd5 21. f3 Qa5 22. Nxf7 Re8 23. Ng5 Bf8 24. Be5 h6 25. Bxf6 hxg5 26. Qd3 Qf5 27. Qxf5 exf5 28. Bxg5 g6 29. Rxe8 Rxe8 30. Rc1 Bd5 31. Kf2 Bg7 32. Be3 a6 33. g3 b5 34. Rc5 Bc4 35. Rc6 Re6 36. Rc8+ Kf7 37. h4 Rd6 38. h5 gxh5 39. Bxf5 Bxd4 40. Bxd4 Rxd4 41. Ke3 Rd1 42. Rc6 Kg7 43. Rg6+ Kf7 44. Rc6 Kg7 45. Rxa6 Re1+ 46. Kf4 Rf1 47. Be4 Rf2 48. b4 Rg2 49. Rg6+ Kf7 50. Rh6 Ra2 51. Rxh5 Rxa3 52. Rh7+ Kf6 53. g4 Rb3 54. Bf5 Bf7 55. g5+ Ke7 56. g6 1-0

[Event "Olympiad Women 2024"]
[Site "Budapest HUN"]
[Date "2024.09.16"]
[Round "6.42"]
[Board "4"]
[White "Altesor, Caterina"]
[Black "Hamid, Rani"]
[Result "0-1"]
[WhiteElo "1741"]
[BlackElo "1900"]
[PlyCount "90"]
[EventDate "2024.09.11"]
[WhiteTeam "Uruguay"]
[BlackTeam "Bangladesh"]
[WhiteTeamCountry "URU"]
[BlackTeamCountry "BAN"]

1. e4 c5 2. Nf3 e6 3. d4 cxd4 4. Nxd4 a6 5. g3 Nf6 6. Bg2 Be7 7. Nc3 Qc7 8. O-O O-O 9. Be3 Nc6 10. f4 d6 11. a4 Na5 ({RR} 11... Re8 12. Nb3 Nd7 13. g4 b6 14. g5 Nb4 15. Rf2 Bb7 16. Qg4 Bf8 17. Raf1 g6 18. f5 Ne5 19. Qh3 Bg7 20. Bf4 Rad8 21. f6 Bf8 22. Qg3 Qc4 23. Nb1 Nbc6 24. Nc3 Nd4 25. Nxd4 Qxd4 26. h4 {½-½ Ivanchuk,V (2768)-Bu,X (2675) FIDE World Cup 2011 (4.2)}) ({RR} 11... Bd7 12. Nb3 Na5 13. Nxa5 Qxa5 14. g4 Bc6 15. g5 Nd7 16. Ne2 Nc5 17. Qd4 e5 18. Qc4 exf4 19. b4 Qd8 20. Nxf4 Nxa4 21. Qb3 b5 22. g6 Bg5 23. gxf7+ Rxf7 24. Kh1 Bf6 25. Nh5 Qe7 26. Nxf6+ {1-0 Gong,D (2259)-Zhang,K (1978) Sydney Chess Championship 2024 (7.6)}) 12. Bf2 $146 ({RR} 12. Kh1 Bd7 13. Qe2 Rac8 14. Rad1 Rfd8 15. g4 d5 16. e5 Ne4 17. Nxe4 dxe4 18. Bxe4 Bxa4 19. b3 Bc6 20. Nxc6 Nxc6 21. c4 Rxd1 22. Qxd1 Rd8 23. Qf3 Nd4 24. Bxd4 Rxd4 25. Bxb7 a5 26. Ba8 Bc5 {½-½ Chen,K (2016)-Poh,Y (1777) Johor op 5th 2018 (3)}) ({RR} 12. Qe2 Nc4 13. e5 Ng4 14. exd6 Bxd6 15. Bc1 e5 16. fxe5 Bxe5 17. Nf5 Bxf5 18. Rxf5 Bd4+ 19. Kh1 Nce3 20. Bxe3 Nxe3 21. Nd5 Nxd5 22. Bxd5 Bxb2 23. Rb1 Qd7 24. Qf3 g6 25. Rxf7 Rxf7 26. Qxf7+ Qxf7 {0-1 Niemela,T-Issakainen,A (2221) FIN-chT1A 9900 1999}) 12... Nc4 13. b3 Na5 14. Qf3 Bd7 15. Rac1 Rac8 16. Nce2 g6 17. c4 e5 18. Nc2 Bg4 19. Qe3 Bxe2 20. Qxe2 Nxb3 21. Rb1 Nc5 22. Rb4 a5 23. Rb5 Nxa4 24. Be1 b6 25. Ne3 Nc5 26. fxe5 dxe5 27. Nd5 Nxd5 28. exd5 f5 29. Bc3 Bd6 30. Rfb1 Na4 31. Bd2 Qxc4 32. Qxc4 Rxc4 33. Be3 f4 34. Bf2 Rfc8 35. Bh3 R8c7 36. Be6+ Kg7 37. Kg2 Rc2 38. Kg1 f3 39. Re1 R7c4 40. Rb3 e4 41. Bd7 Bc5 42. Bxc5 Nxc5 43. Rxb6 f2+ 44. Kf1 fxe1=Q+ 45. Kxe1 Rxh2 0-1

[Event "Olympiad Women 2024"]
[Site "Budapest HUN"]
[Date "2024.09.16"]
[Round "6.43"]
[Board "1"]
[White "Perez Rodriguez, Jennifer"]
[Black "Chuemsakul, Sarocha"]
[Result "1-0"]
[WhiteElo "2224"]
[BlackElo "1906"]
[PlyCount "97"]
[EventDate "2024.09.11"]
[WhiteTeam "Paraguay"]
[BlackTeam "Thailand"]
[WhiteTeamCountry "PAR"]
[BlackTeamCountry "THA"]

1. Nf3 Nf6 2. c4 c5 3. b3 e6 4. Bb2 Nc6 5. e3 d5 6. cxd5 exd5 7. Bb5 Be7 8. O-O O-O 9. d4 Be6 ({RR} 9... Bg4 10. dxc5 Bxc5 11. Nbd2 Rc8 12. h3 Bh5 13. a3 a6 14. Be2 d4 15. Nxd4 Bxd4 16. exd4 Bxe2 17. Qxe2 Nxd4 18. Qd1 Re8 19. Nc4 Ne2+ 20. Kh1 b5 21. Nd6 Ne4 22. Nxe8 Qxe8 23. Qd3 Rd8 24. Qf3 {1-0 Riazantsev,A (2708)-Frolyanov,D (2570) Wch Blitz 7th 2013 (26)}) 10. Nc3 $146 ({RR} 10. dxc5 Bxc5 11. Nbd2 Rc8 12. Rc1 Be7 13. Bd3 Qd7 14. Nd4 Rfd8 15. Bb5 a6 16. Nxc6 bxc6 17. Bxa6 Ra8 18. Qe2 Qd6 19. a4 c5 20. Bb5 Qb6 21. Ba3 Rac8 22. Rc3 Ne4 23. Nxe4 dxe4 24. Rfc1 h6 {1-0 Nodirjanova,N (2059)-Orazmukhammedova,M (1815) ch-UZB Women 2024 (17.3)}) 10... Rc8 11. dxc5 Bxc5 12. Na4 Be7 13. Rc1 a6 14. Bxc6 Rxc6 15. Rxc6 bxc6 16. Qd3 Qc8 17. Rc1 Ne4 18. Qd4 Bf6 19. Qb6 Bxb2 20. Rxc6 Qxc6 21. Qxc6 Rc8 22. Qxc8+ Bxc8 23. Nxb2 Nc3 24. a4 Bf5 25. Nd4 Bb1 26. Kf1 Kf8 27. Ke1 Ne4 28. f3 Nc5 29. Kd2 Bg6 30. Kc3 Ne6 31. a5 Ke7 32. Na4 Kd6 33. b4 Nc7 34. Nc5 f6 35. Kb3 h6 36. g4 Bh7 37. f4 g6 38. Nb7+ Kd7 39. Ka4 Bg8 40. b5 axb5+ 41. Kb4 Bf7 42. Nc5+ Kd6 43. Nxb5+ Nxb5 44. Kxb5 Be8+ 45. Kb6 g5 46. fxg5 fxg5 47. a6 d4 48. exd4 Bc6 49. Nb7+ 1-0